000 00975nam a2200289 a 4500
001 20566576
003 OSt
005 20250529103940.0
008
020 _a9780128094112 (paperback)
040 _aNUST
_cNUST
_beng
_dNUST
_erda
050 _aR858 PRO
100 _aMukesh, Vema
_eEditor
245 1 0 _aProgress and challenges in precision medicine/
_cedited by Mukesh Verma & Debmalya Barh.
260 _aAmsterdam :
_bAcademic Press,
_c2017.
300 _axxii, 321 pages :
_billustrations (chiefly colour) ;
_c23 cm.
336 _atext
_btxt
_2rdacontent
337 _aunmediated
_bn
_2rdamedia
338 _avolume
_bnc
_2rdacarrier
504 _aIncludes bibliographical references.
650 1 _aMedical informatics.
650 _aMedical innovations.
650 _aLife sciences.
700 _aVerma, Mukesh.,
_aeditor.
700 _aBarh, Debmalya.,
_aeditor.
942 _cBOOKS
_kR858
_mPRO
_2ddc
_hR858.PRO
_n0
999 _c120274
_d120274